000 02059nam a2200349 i 4500
003 DO-SdBNP
005 20251009130555.0
007 ta
008 221104e2022 dr |||gr|||| 001 edspa d
020 _a9798632034494 v.1
020 _a9798434734332 v.2
040 _aDO-SdBNP
_bspa
_cBNPHU
041 _aspa
082 4 _aRD861.5
_bA634p
_222
245 1 0 _aAntología de poetas veganos /
_cWilliam Acevedo Fernández
264 1 _aLa Vega, República Dominicana :
_b[editor no identificado] ;
_c2022.
300 _avolúmenes ;
_c23 cm.
336 _atexto
_btxt
_2rdacontent
337 _asin mediación
_bn
_2rdamedia
338 _avolumen
_bnc
_2rdacarrier
500 _aIncluye biografía del autor en las páginas 9 al 13 en v.1 y v.2
504 _aBibliografía : v.1, p. 191 - 194.-- Bibliografía : v.2, p. 199 - 201
505 _av.1:
_tPedro Antonio Valdez.--
_tWilliam Acevedo Fernández.--
_tAlfredo Rafael Hernández.--
_tPatri Quisqueya Concepción.--
_tPastor de Moya.--
_tMignolia Acevedo Fernández.--
_tFausto Leonardo Henríquez.--
_tJosé Mármol.--
_tFlorencio Silia Eduardo.--
_tMiguel Ángel Durán Ureña.--
_tBerkis Contreras.--
_tCarlos José Salcedo.--
_tMaría Reina Leonardo.--
_tJosé Agustín Concepción.--
_tRafael Concepción Brito.--
_tRafael Dionicio Conepción.
505 _av.2
_tJuan Bosch.--
_tRubén Suro.--
_tFrancisco Cruz Rodríguez (Maquín).--
_tVíctor Escarramán Hernández.--
_tCristian Paulino Baldera.--
_tEduardo Muñoz Domíguez.--
_tTomás Abreu.--
_tFernando Valerio Holguín.--
_tHenry Santos.--
_tErasmo Vásquez.--
_tRamón Cordero.--
_tNelson Cruz.--
_tJorge Suarez.--
_tElías Herrera.--
_tLuis Lora Sánchez.--
_tFrancisco Javier Santiago.--
_tWilliam Acevedo Fernández.--
_tRita Díaz Blanco.
590 _aInventariado 2022 / MF
650 4 _aConcepción de la Vega ( República Dominicana)
_xPoesía
_986810
650 4 _aLiteratura dominicana
_980984
_vColecciones
650 0 _aAntología literaria
_920495
650 4 _aPoetas dominicanos
_vBiografías
_923611
910 _aMFélix
942 _2ddc
_cLBS1
999 _c52792
_d52792